Eticas contemporáneas
Salvato in:
| Autore principale: | |
|---|---|
| Natura: | Libro |
| Lingua: | spagnolo |
| Pubblicazione: |
Madrid
Tecnos
1990
|
| Soggetti: | |
| Tags: |
Aggiungi Tag
Nessun Tag, puoi essere il primo ad aggiungerne!!
|
MARC
| LEADER | 00000nam a2200000 a 4500 | ||
|---|---|---|---|
| 001 | UCZ9879 | ||
| 003 | CL-VaPUC | ||
| 008 | 960312e19900000SP |||||||||||||||||spa|d | ||
| 082 | 0 | 4 | |a 170 |b BON |2 21 |
| 100 | 0 | |a Bonete Perales, Enrique |e author |9 354829 | |
| 245 | 1 | 0 | |a Eticas contemporáneas |
| 300 | |a 278 p | ||
| 942 | |c BK | ||
| 945 | |d 19960312 00:00:00 |a aalvarez | ||
| 260 | |a Madrid |b Tecnos |c 1990 | ||
| 650 | 0 | |a Moral |9 265913 | |
| 650 | 0 | |a Ética |9 255099 | |
| 650 | 0 | |a Sentido de la vida |9 354830 | |
| 650 | 0 | |a Felicidad |9 257029 | |
| 650 | 0 | |a Voluntad |9 307812 | |
| 650 | 7 | |a SUICIDIO |2 CL-VaPUC |9 317374 | |
| 650 | 0 | |a Experiencia |9 308852 | |
| 650 | 0 | |a Justicia |9 255408 | |
| 650 | 0 | |a Utilitarismo |9 321614 | |
| 650 | 0 | |a Empirismo |9 255037 | |
| 650 | 7 | |a INTEGRACIONISMO |2 CL-VaPUC |9 354831 | |
| 650 | 0 | |a Racionalidad |9 323325 | |
| 583 | |a last modification |c 19960312 00:00:00 |k Rodrigo Vera | ||
| 999 | |c 244931 |d 244929 | ||
| 952 | |0 0 |1 2 |4 0 |6 170_000000000000000_BON_1990 |7 0 |8 A |9 259217 |a BIBTEO |b BIBTEO |d 2019-11-19 |i 3176800 |o 170 BON 1990 |p 3176800 |r 2019-11-19 |w 2019-11-19 |x Descarte 2019 |y BK |k ICR | ||